Statystyki dla Geografia Europy od A do Z

Kliknij tutaj aby rozwiązać quiz!

Ogólne statystyki

  • Ten quiz został rozwiązany 378 razy
  • Średni wynik to 30 z 46

Statystyki odpowiedzi

-PytanieOdpowiedź% Poprawnych
DDo którego europejskiego państwa należy Grenlandia?Dania
91%
EStolicą którego europejskiego kraju jest Tallinn?Estonia
91%
HKtóry europejski kraj de facto zmienił swoją nazwę na Niderlandy?Holandia
90%
AJaką nazwę nosi półwysep na którym położone są Włochy?Apeniński
88%
BNa którym morzu znajdują się takie wyspy jak Gotlandia i Bornholm?Bałtyckie
86%
ŁStolicą którego europejskiego kraju jest Ryga?Łotwa
86%
CKtóry kraj pomimo faktu, że geograficznie znajduje się w Azji, jest członkiem Unii Europejskiej?Cypr
83%
IKtóry europejski kraj/wyspa określany jest mianem "Zielonej Wyspy"?Irlandia
83%
HJaką nazwę nosi półwysep znajdujące się pomiędzy Morzem Bałtyckim a Zatoką Gdańską?Helski
82%
INa jakiej wyspie znajduje się wulkan Eyjafjallajökull, którego erupcja w 2010 roku sparaliżował ruch lotniczy nad Europą?Islandia
82%
JDo rozpadu którego europejskiego kraju doszło na początku lat dziewięćdziesiątych XX wieku?Jugosławia
82%
CStolice którego europejskiego kraju można kojarzyć z nazwę warszawskiej dzielnicy?Czechy
81%
GWe fladze którego europejskiego kraju znajdują się niebieskie i białe pasy oraz biały krzyż?Grecja
81%
OKtóra rzeka jest swoistą naturalną granicą pomiędzy Niemcami i Polską?Odra
81%
OKtóre miasto jest stolicą Norwegii?Oslo
81%
MJaką nazwę nosi niewielki wyspiarski kraj na Morzu Śródziemnym?Malta
80%
EKtóre miasto jest stolicą Szkocji?Edynburg
79%
KJaką nazwę nosi separatystyczny region na Półwyspie Iberyjskim, który w 2017 roku proklamował swoją niepodległość?Katalonia
72%
LJaką nazwę nosi kanał oddzielający Wyspy Brytyjskiej od Francji?La Manche
72%
JJaką nazwę nosi morze znajdujące się pomiędzy Włochami a Grecją?Jońskie
71%
MJaką nazwę nosi najwyższy szczyt Europy?Mont Blanc
70%
UOdessa i Mariupol to czarnomorskie porty której europejskiego kraju?Ukraina
69%
ZJaką nazwę nosi miasto będące stolicą Chorwacji?Zagrzeb
67%
FKtóre miasto jest siedzibą Europejskiego Banku Centralnego?Frankfurt nad Menem
65%
SKtóre miasto znane kiedyś jako Konstantynopol znajduję się zarówno w Europie jak i w Azji?Stambuł
65%
RJaką nazwę nosi najbardziej wysunięta na zachód europejska stolica?Reykjavik
64%
FNad jaką zatoką leży Petersburg?Fińska
62%
GJaką nazwę nosi cieśnina oddzielająca Morze Śródziemne od Oceanu AtlantyckiegoGibraltarska
62%
NNa plażach, której francuskiej krainy historycznej doszło do lądowania wojsk alianckich w 1944?Normandia
59%
TDla klubu z którego włoskiego miasta grał niegdyś Zbigniew Boniek?Turyn
58%
KJaką nazwę nosi francuska wyspa z której pochodzi Napoleon Bonaparte?Korsyka
57%
WJaką nazwę nosi wulkan w okolicach Neapolu?Wezuwiusz
57%
SZ jakiego kraju pochodzą członkowie pieszej formacji wojskowej pełniącej rolę straży przybocznej papieża?Szwajcaria
56%
ZKtóre szwajcarskie miasto pod względem liczby mieszkańców jest największe w tym kraju?Zurych
56%
ŁJaką nazwę nosi największe europejskie jezioro?Ładoga
53%
LDolina której francuskiej rzeki słynie z ponad 300 zamków?Loara
52%
NJaką nazwę nosi separatystyczny region Mołdawii, często nazywany "skansenem ZSRR"?Naddniestrze
51%
WJaką nazwę nosi słynna paryska budowla wzniesiona z okazji wystawy światowej w 1889 roku?Wieża Eiffla
51%
UJaką nazwę nosi wyspa na pograniczu Polski i Niemiec?Uznam
49%
TJaką nazwę nosi region Rumunii nazywany również "Siedmiogród"?Transylwania
48%
PJaką nazwę nosi opuszczone od 1986 miasto znajdujące się zaledwie kilka kilometrów od Elektrowni Czarnobylskiej?Prypeć
46%
RZagłębie której rzeki jest finansowym i gospodarczym centrum Niemiec?Ruhra
45%
PW którym mieście został wybudowany najwyższy budynek w Europie?Petersburg
42%
DW którym francuskim mieście doszło w czasie drugiej wojny światowej w 1940 roku do Operacji Dynamo, polegającej na ewakuacji wojsk alianckich?Dunkierka
34%
BJaką nazwę nosi francuski region w którym według znanej serii komiksów znajdował się nieugięta wyspa Gallów?Bretania
33%
AJaką nazwę nosi najpłytsze morze na świecie nazywane również Jeziorem Meockim?Azowskie
29%

Rozkład punktacji

Percentyl według liczby udzielonych odpowiedzi

Procent ludzi z każdym wynikiem

Twoja historia wyników

Nie rozwiązałeś tego quizu